| 000 | 00795cam a2200253 a 4500 | ||
|---|---|---|---|
| 001 | 242 | ||
| 003 | BR-CuiBMT | ||
| 005 | 20231031194203.0 | ||
| 008 | 230906s2017 mgb 000 0 por d | ||
| 020 | _a9788545002673 | ||
| 040 |
_aBR-CuiBMT _cBR-CuiBMT |
||
| 080 |
_22007 _a342.7:614 |
||
| 090 |
_a342.7:614 _bP324e |
||
| 100 | 1 | _aPaula, Rodrigo Francisco de | |
| 245 | 1 | 0 |
_aEstado de emergência na saúde pública / _cRodrigo Francisco de Paula ; prefácio, Marcelo Andrade Cattoni de Oliveira. |
| 260 |
_aBelo Horizonte : _bFórum, _c2017. |
||
| 300 |
_a216 p. ; _c22 cm |
||
| 504 | _aInclui bibliografia. | ||
| 650 | _aDireitos fundamentais | ||
| 650 | _aDireito constitucional | ||
| 650 | _aDireitos humanos | ||
| 650 |
_aSaúde pública _xSituação de emergência |
||
| 942 |
_2udc _cLV |
||
| 999 |
_c242 _d242 |
||